[Event "FIDE Womens World Cup 2021"]
[Site "Sochi"]
[Date "2021.07.19"]
[Round "3.2"]
[White "Ushenina, Anna"]
[Black "Muzychuk, Mariya"]
[Result "1/2-1/2"]
[WhiteElo "2429"]
[BlackElo "2550"]
[Annotator "TA"]
[PlyCount "99"]
[EventDate "2021.07.12"]
[EventType "k.o."]
[EventCountry "RUS"]
[SourceTitle "playchess.com"]
[Source "ChessBase"]
[SourceQuality "1"]

{[%evp 21,99,13,29,-10,0,0,0,0,0,0,0,15,29,22,27,33,63,33,27,40,33,39,53,14,27,23,5,16,60,25,25,23,34,19,32,10,12,13,6,4,21,9,25,27,72,0,0,0,8,0,0,0,0,0,0,0,0,0,0,0,0,0,0,0,0,0,0,0,0,0,0,0,0,0,0,0,0,0,0,0]} 1. d4 Nf6 2. c4 e6 3. Nf3 d5 4. Nc3 c6 5. e3 Nbd7 6. Qc2 Bd6 7. Bd3 O-O 8. O-O dxc4 9. Bxc4 b5 10. Be2 Bb7 11. e4 e5 12. dxe5 {D46: Semi-Slav: 5 e3 Nbd7 6 Bd3, Black avoids the Meran.} Nxe5 13. Nh4 g6 $1 {13...g6 is better than 13...b4.} 14. f4 Neg4 {And now ...Qb6+ would win.} 15. g3 {Threatening e5.} Bc5+ 16. Kh1 {Strongly threatening e5.} Ne3 17. Bxe3 Bxe3 18. Bf3 {[#]} Qe7 $146 ({Predecessor:} 18... b4 19. Ng2 Bd4 20. Rad1 c5 21. Ne2 Qb6 22. e5 Bxf3 23. Rxf3 Ng4 24. Nxd4 cxd4 25. Rfd3 Rad8 26. Qe2 Ne3 27. Nxe3 dxe3 28. Kg2 {½-½ (28) Gonzalez Vidal,Y (2531)-Ortiz Suarez,I (2545) Villa Clara 2020}) 19. Rfe1 Bb6 20. e5 Nd5 21. Nxd5 cxd5 22. Rad1 d4 23. Qg2 Bxf3 24. Nxf3 Qe6 25. Nxd4 Bxd4 26. Rxd4 Qxa2 27. Qd2 {[#] aiming for f5!} Qb3 28. Re3 Qe6 29. Rd6 Qc4 {[%cal Rc4f1]} 30. Kg2 (30. Re1 {with more complications.} Rac8 31. Kg1 Rfe8 32. Rd1 Qc5+ 33. Kg2) 30... Rac8 31. h4 (31. b3 {looks sharper.} Qc2 32. b4 Qc4 33. h3 Rfe8 34. Re2) 31... Qc2 (31... Rfe8 {is more complex.} 32. b3 Qc2 33. Qxc2 Rxc2+ 34. Kh3 h5) 32. Re2 Qb1 33. Qd3 ({White should try} 33. e6 $16 {e7 is the strong threat.} fxe6 34. Rdxe6) 33... Qxd3 $11 {The position is equal.} 34. Rxd3 Rfd8 35. Rxd8+ (35. Ra3 {keeps more tension.} Rc7 36. Ra5 b4 37. Rb5 Rd4 38. Kf3) 35... Rxd8 {[%mdl 4096] Endgame KR-KR} 36. b4 Rd4 37. Ra2 Rxb4 {Black wants to play ...Ra4.} 38. Rxa7 h5 39. Rb7 Rb2+ 40. Kf3 Rb3+ 41. Kf2 b4 42. Rb8+ Kg7 43. Kg2 Rb1 44. Kh2 Rb2+ 45. Kg1 b3 46. Kf1 Rb1+ 47. Kg2 Rb2+ 48. Kf3 Rb1 49. Kg2 Rb2+ 50. Kf3 {Weighted Error Value: White=0.09/Black=0.07} 1/2-1/2

[Event "FIDE Womens World Cup 2021"]
[Site "Sochi"]
[Date "2021.07.19"]
[Round "3.2"]
[White "Badelka, Olga"]
[Black "Goryachkina, Aleksandra"]
[Result "1/2-1/2"]
[WhiteElo "2418"]
[BlackElo "2596"]
[Annotator "TA"]
[PlyCount "94"]
[EventDate "2021.07.12"]
[EventType "k.o."]
[EventCountry "RUS"]
[SourceTitle "playchess.com"]
[Source "ChessBase"]
[SourceQuality "1"]

{[%evp 16,94,30,0,0,0,0,0,0,0,11,0,8,0,-14,-25,-2,-2,0,-43,0,-27,-17,-37,-31,-58,-41,-50,0,-69,-12,-20,-18,-25,-15,-33,-29,-37,-33,-41,-34,-40,-25,-33,-30,-25,-28,-22,-22,-55,-56,-52,-47,-54,-47,-50,-50,-58,-65,-41,-33,-34,-34,-41,-31,-29,-8,-10,0,-12,-10,-6,0,0,0,-9,0,0,0,-20,0]} 1. Nf3 d5 2. g3 c6 3. c4 g6 4. d4 Nf6 5. Bg2 Bg7 6. O-O O-O 7. b3 Bf5 8. Bb2 Nbd7 {[%cal Bb8d7,Bd7b6,Bb6c4][%mdl 32]} 9. Nc3 {9.e3 is the modern continuation.} dxc4 {D78: Fianchetto Grünfeld: 6 0-0 c6.} 10. bxc4 Nb6 11. c5 Nc4 12. Qb3 Na5 {[#]} 13. Qa4 $146 ({Predecessor:} 13. Qb4 b6 14. cxb6 axb6 15. Ne5 Qc7 16. Rac1 c5 17. Nb5 cxb4 18. Rxc7 {1-0 (53) Kovacs,J (2280)-Kladiva,I (2265) Hungary 1992}) 13... b5 14. cxb6 axb6 15. Ne5 Ng4 16. Nxg4 Bxg4 17. Rfd1 (17. d5 $5 {[%cal Ra4g4]} Bxe2 18. Nxe2 Bxb2 19. Rab1 $11) 17... Qd7 (17... b5 $5 {[%cal Rb5a4]} 18. Qc2 Nc4 $11) 18. Rac1 Rfd8 19. Qb4 Qd6 20. Qxd6 exd6 21. h3 Be6 22. e4 (22. d5 $11 cxd5 23. Ba1) 22... d5 (22... Bc4 $15) 23. exd5 $11 cxd5 24. g4 h6 25. Rb1 Nc6 26. Nb5 Rxa2 27. Bc1 Ra4 {[%cal Rc6d4]} 28. Be3 Rb4 29. Nc7 Rxb1 30. Rxb1 Nxd4 31. Rxb6 Rd7 32. Ne8 Be5 33. f4 Bh8 34. Nd6 Rd8 35. Ra6 Bg7 36. Kf1 Nc2 37. Bc5 Bd4 38. Bxd4 Nxd4 39. Kf2 Kf8 40. Ke3 Nc2+ 41. Kd2 $1 {[%cal Rd2c2] The position is equal.} Nd4 42. Kd3 Nb3 {[#] Threatens to win with ...Nc5+.} 43. Rb6 Nc5+ 44. Kd4 Nd7 45. Ra6 Nb8 46. Rb6 Nd7 47. Ra6 Nb8 {Weighted Error Value: White=0.10/Black=0.09} 1/2-1/2

[Event "FIDE Womens World Cup 2021"]
[Site "Sochi"]
[Date "2021.07.19"]
[Round "3.2"]
[White "Zawadzka, Jolanta"]
[Black "Batsiashvili, Nino"]
[Result "0-1"]
[WhiteElo "2403"]
[BlackElo "2487"]
[Annotator "ChessBase"]
[PlyCount "56"]
[EventDate "2021.07.12"]
[EventType "k.o."]
[EventCountry "RUS"]
[SourceTitle "playchess.com"]
[Source "ChessBase"]
[SourceQuality "1"]
[TimeControl "40/5400+30:1800+30"]

1. e4 {[%emt 0:00:04]} e5 {[%emt 0:00:05]} 2. Nf3 {[%emt 0:00:06]} Nc6 {[%emt 0:00:04]} 3. Bb5 {[%emt 0:00:05]} a6 {[%emt 0:00:04]} 4. Ba4 {[%emt 0:00:03]} Nf6 {[%emt 0:00:07]} 5. Nc3 {[%emt 0:00:12]} d6 {[%emt 0:05:43]} 6. Bxc6+ {[%emt 0:00:36]} bxc6 {[%emt 0:00:04]} 7. d4 {[%emt 0:00:05]} exd4 {[%emt 0:03:00]} 8. Nxd4 {[%emt 0:00:06]} c5 {[%emt 0:05:14]} 9. Nc6 {[%emt 0:00:32]} Qd7 {[%emt 0:00:08]} 10. Na5 {[%emt 0:00:05]} Be7 {[%emt 0:07:02]} 11. O-O {[%emt 0:04:06]} O-O {[%emt 0:06:09]} 12. Re1 {[%emt 0:04:35]} Rb8 {[%emt 0:08:08]} 13. Rb1 {[%emt 0:08:07]} Bb7 {[%emt 0:04:25]} 14. Qd3 {[%emt 0:05:58]} Ba8 {[%emt 0:10:09]} 15. Qxa6 {[%emt 0:05:19]} d5 {[%emt 0:02:01]} 16. exd5 {[%emt 0:13:07]} Nxd5 {[%emt 0:00:16]} 17. Qd3 {[%emt 0:01:25]} Bf6 {[%emt 0:00:43]} 18. Ne4 {[%emt 0:09:39]} Bd4 {[%emt 0:04:14]} 19. Bd2 {[%emt 0:08:53]} Rb6 {[%emt 0:09:08]} 20. c3 {[%emt 0:04:00]} f5 {[%emt 0:00:13]} 21. cxd4 {[%emt 0:08:14]} fxe4 {[%emt 0:00:10]} 22. Qc4 {[%emt 0:03:12]} Qf5 {[%emt 0:04:59]} 23. Rf1 {[%emt 0:03:10]} Rg6 {[%emt 0:01:53]} 24. g3 {[%emt 0:00:26]} cxd4 {[%emt 0:00:57]} 25. Qxd4 {[%emt 0:03:02]} Qf3 {[%emt 0:03:56]} 26. Qc4 {[%emt 0:05:23]} Kh8 {[%emt 0:04:31]} 27. Qc5 {[%emt 0:06:52]} e3 {[%emt 0:01:30]} 28. Nc4 {[%emt 0:01:35]} Qg2+ {[%emt 0:01:38]} 0-1

[Event "FIDE Womens World Cup 2021"]
[Site "Sochi"]
[Date "2021.07.20"]
[Round "3.3"]
[White "Muzychuk, Mariya"]
[Black "Ushenina, Anna"]
[Result "1-0"]
[WhiteElo "2550"]
[BlackElo "2429"]
[Annotator "TA"]
[PlyCount "145"]
[EventDate "2021.07.12"]
[EventType "k.o."]
[EventCountry "RUS"]
[SourceTitle "playchess.com"]
[Source "ChessBase"]
[SourceQuality "1"]

{[%evp 15,145,30,39,38,34,34,35,32,30,14,13,0,0,2,15,15,15,15,14,0,8,0,0,0,0,0,0,0,0,0,0,0,0,0,0,-4,0,0,0,0,76,0,6,0,0,0,92,92,88,88,142,136,142,136,155,139,289,282,271,142,142,142,149,142,145,115,137,110,116,109,137,109,137,137,137,109,109,107,107,108,108,107,107,107,107,107,107,0,0,0,0,0,0,0,0,0,0,0,0,0,0,0,0,0,0,0,0,0,0,0,0,0,29974,29975,29978,29979,29979,29980,29980,29981,29981,29982,29982,786,29983,29984,29984,29981,29988,29989,29989,29990]} 1. e4 e5 2. Nf3 Nf6 3. Nxe5 d6 4. Nf3 Nxe4 5. Nc3 Nxc3 6. dxc3 Be7 7. Be3 $1 {7.Be3 scores better than 7.Bf4.} Nc6 8. Qd2 Be6 9. O-O-O {C42: Petroff Defence: 3 Nxe5 and unusual White 3rd moves.} Qd7 (9... Bxa2 $2 10. b3 $18) 10. h3 h6 ({Avoid the trap} 10... Bxa2 $2 11. b3 $18) 11. Kb1 {White is slightly better.} Bf6 12. g4 O-O-O 13. Nd4 Nxd4 {[#]} 14. Bxd4 $146 ({Predecessor:} 14. cxd4 Bd5 15. Rg1 Rhe8 16. Bd3 Kb8 17. Qa5 c6 18. Rde1 Qc7 19. Qd2 Ka8 20. f4 {0-1 (41) Preotu,R (2524)-Li,D (2488) Chess.com INT 2019}) 14... Kb8 15. Bxf6 gxf6 16. Bd3 h5 17. f3 Qc6 18. Be2 hxg4 19. fxg4 f5 20. gxf5 Bxf5 21. h4 Be4 22. Rh2 d5 23. h5 Rdg8 24. Rf1 f5 25. Bd3 Qe6 26. b3 a6 27. Kb2 Rg3 {[#]} (27... Rh7 $11 {remains equal.}) 28. Rf4 (28. Bxe4 $1 $16 fxe4 29. Qd4) 28... Qe5 29. Rfh4 Bxd3 30. cxd3 Qe3 (30... Qe6 $11) 31. Qxe3 $16 Rxe3 {[%mdl 4096] Endgame KRR-KRR} 32. Kc2 Rf3 (32... Rg3 $142) 33. R4h3 Rf4 34. h6 Rh7 {[#]} 35. Kd2 $1 c6 (35... d4 $16) 36. Ke3 Rg4 37. Rh5 ({White should try} 37. Kf3 $18 Kc7 38. Rg3 Rxg3+ 39. Kxg3) 37... Kc7 38. Rxf5 Rg6 39. Rfh5 Rf6 40. d4 Kd6 41. R5h3 a5 42. a4 b6 43. Kd3 Rg6 44. b4 Rf6 45. bxa5 bxa5 46. c4 Rg6 47. Rh1 Rf6 48. cxd5 cxd5 49. Rb1 {Strongly threatening Rb6+.} Kc6 50. Rc1+ Kd6 51. Rc5 (51. Rch1 $16) 51... Rfxh6 $11 52. Rxh6+ (52. Rg3 {feels hotter.} Rb7 53. Rxa5 Rb3+ 54. Kc2 Rxg3 55. Ra6+) 52... Rxh6 53. Rxa5 {White threatens Ra6+ and mate. KR-KR} Rh3+ 54. Kc2 Ke6 55. Rc5 Kd6 56. a5 Rh4 57. Kc3 {Hoping for a6.} Rh3+ 58. Kb4 {aiming for a6.} Rd3 59. a6 (59. Kb5 {keeps more tension.} Rxd4 60. Rc6+ Kd7 61. Rc1 Rd2 62. Ra1) 59... Rxd4+ 60. Kb5 Rd2 {( -> ...Rb2+)} 61. Rc6+ Kd7 {Threatens to win with ...Rb2+.} 62. a7 (62. Rb6 {is interesting.} Kc7 63. Rg6 Rb2+ 64. Kc5 Kb8 65. Rg7) 62... Rb2+ 63. Kc5 Ra2 $2 {[%mdl 8192]} (63... Rc2+ $11 64. Kd4 (64. Kxd5 Ra2 $11) 64... Ra2) 64. Rh6 Kc7 65. Rh7+ Kc8 66. Kb6 Rb2+ 67. Kc6 {[%cal Rh7h8]} Rc2+ 68. Kd6 {[%cal Ra7a8]} ({Less strong is} 68. Kxd5 Ra2 $18) 68... Ra2 69. Rc7+ Kd8 70. Rb7 {[%cal Rb7b8] White mates.} Ra6+ 71. Kxd5 Kc8 72. Rb8+ Kc7 73. a8=Q {[%csl Ga8][%cal Rb8b7] Weighted Error Value: White=0.10/Black=0.13} 1-0

[Event "FIDE Womens World Cup 2021"]
[Site "Sochi"]
[Date "2021.07.20"]
[Round "3.3"]
[White "Khotenashvili, Bela"]
[Black "Assaubayeva, Bibisara"]
[Result "1/2-1/2"]
[WhiteElo "2471"]
[BlackElo "2389"]
[Annotator "TA"]
[PlyCount "112"]
[EventDate "2021.07.12"]
[EventType "k.o."]
[EventCountry "RUS"]
[SourceTitle "playchess.com"]
[Source "ChessBase"]
[SourceQuality "1"]

{[%evp 26,112,19,16,32,32,31,24,19,12,15,5,10,0,0,6,16,0,0,0,0,0,0,0,27,36,54,21,16,27,25,14,13,14,18,14,46,50,47,42,52,0,0,0,0,0,0,0,0,0,0,0,0,0,0,0,0,0,0,0,0,0,0,0,0,0,0,0,0,0,0,0,0,-28000,-28000,-28000,-28000,-28000,-28000,-28000,-28000,-28000,-28000,-28000,-28000,-28000,-28000,-28000,-28000]} 1. d4 Nf6 2. c4 g6 3. g3 Bg7 4. Bg2 O-O 5. Nf3 Nc6 6. O-O d5 7. cxd5 Nxd5 8. e3 Nb6 9. Nc3 e5 10. d5 Na5 11. e4 c6 12. Bg5 f6 13. Be3 cxd5 14. Bxb6 axb6 {D76: Fianchetto Grünfeld: Main Line with 7...Nb6.} 15. Qxd5+ Kh8 16. Rfd1 Qe7 {White has an edge.} 17. Qb5 {next Nd5 is good for White.} (17. a3 {with more complications.} Bg4 18. h3 Rad8 19. Qb5 Bxf3 20. Bxf3 Nc6 21. Ne2) 17... Qc5 {[#]} 18. Qxc5 $146 ({Predecessor:} 18. Rac1 Bg4 19. Qe2 Nc6 20. Nb5 Qe7 21. a3 Rad8 22. h3 Be6 23. b4 Bh6 24. Rb1 Rxd1+ 25. Rxd1 {0-1 (48) Olafsson,H (2508)-Plat,V (2569) Chess.com INT 2018}) 18... bxc5 19. Na4 c4 20. Nb6 Ra6 21. Nxc8 Rxc8 22. Rd7 Rb6 23. Rad1 {[#] Threatens to win with Rd8+.} Bf8 24. R1d2 Bh6 25. Rc2 Rbc6 26. h4 R8c7 27. Rd5 b6 28. g4 {Black must now prevent Rd8+.} Bf4 29. g5 Kg7 30. Bf1 Nb7 {[#]} (30... fxg5 {looks sharper.} 31. Nxg5 Kf6 32. Nh3 Bh6 33. Rc3 Nb7) 31. Rxc4 $1 Rxc4 32. Bxc4 fxg5 33. hxg5 (33. Nxg5 $14 Kh6 34. b3) 33... Rxc4 $11 34. Rd7+ {[%mdl 64] Double Attack} Kg8 {Strongly threatening ...Nc5.} 35. Rxb7 Rxe4 36. Rxb6 {[%mdl 4096] Endgame KRB-KRN} Ra4 37. Rb8+ Kf7 38. Rb7+ Ke6 39. a3 e4 40. Nh2 Rc4 41. Nf1 Bxg5 42. Rxh7 Rc2 43. b3 Rb2 44. Rh3 e3 45. Nxe3 {And now Nc4 would win.} Rxb3 46. Rg3 Bf4 47. Rxg6+ Kf7 48. Ra6 {[%mdl 8192]} (48. Rc6 $11) 48... Bxe3 49. fxe3 Rxe3 {KR-KR. Mate.} 50. Kf2 Rh3 51. Ke2 Ke7 52. Kd2 Kd7 53. Kc2 Kc7 54. Kb2 Kb7 55. Rd6 Rh2+ 56. Kb3 Rh3+ {[%mdl 32768] Weighted Error Value: White=0.04/Black=0.02. An unexpected result.} 1/2-1/2

[Event "FIDE Womens World Cup 2021"]
[Site "Sochi"]
[Date "2021.07.20"]
[Round "3.3"]
[White "Yip, Carissa"]
[Black "Dzagnidze, Nana"]
[Result "0-1"]
[WhiteElo "2430"]
[BlackElo "2523"]
[Annotator "TA"]
[PlyCount "132"]
[EventDate "2021.07.12"]
[EventType "k.o."]
[EventCountry "RUS"]
[SourceTitle "playchess.com"]
[Source "ChessBase"]
[SourceQuality "1"]

{[%evp 12,132,0,-2,2,-2,27,0,0,-9,6,-28,-19,-108,-109,-98,-68,-132,-104,-109,-53,-152,-158,-145,-156,-177,-173,-181,-142,-201,-158,-156,-155,-177,-159,-172,-151,-218,-219,-217,-207,-220,-168,-175,-174,-172,-175,-166,-164,-198,-192,-204,-143,-153,-141,-242,-110,-154,-144,-166,-126,-119,-115,-192,-200,-186,-173,-207,-201,-263,-263,-259,-254,-249,-237,-292,-292,-318,-340,-329,-320,-325,-285,-454,-361,-370,-356,-360,-279,-649,-476,-1004,-840,-1104,-839,-825,-824,-809,-801,-898,-897,-1445,-1362,-5510,-1112,-1585,-920,-29988,-29989,-29989,-29989,-29990,-29988,-29994,-29995,-29995,-29996,-29996,-29997,-29998,-29993,-29996,-29997]} 1. e4 c6 2. d4 d5 3. Nd2 dxe4 4. Nxe4 Bf5 5. Ng3 Bg6 6. f4 e6 7. Nf3 Bd6 {B18: Classical Caro-Kann: 4...Bf5 sidelines.} 8. Bd3 Ne7 9. O-O Nd7 {The position is equal.} 10. Ne5 O-O {[#]} 11. Nc4 $146 ({Predecessor:} 11. Ne4 Bc7 12. Qe2 Nd5 13. c3 N7f6 14. Nc5 Bxd3 15. Qxd3 Qc8 16. f5 exf5 17. Qxf5 Qxf5 18. Rxf5 {0-1 (46) Delorme,A (2322)-Pantsulaia,L (2553) Chess.com INT 2020}) 11... Bc7 12. f5 (12. Bxg6 $11 {keeps the balance.} hxg6 13. a4) 12... Nxf5 13. Nxf5 exf5 14. Bxf5 {[#]} (14. c3 $15) 14... Qh4 $1 $17 15. Bh3 Nb6 ({Better is} 15... Nf6 $17 16. c3 Rfe8) 16. Ne5 {[#]} (16. Nxb6 $15 axb6 17. c3) 16... Bxc2 $1 {[%mdl 512]} 17. Qd2 {And now Rf4 would win.} Bg6 18. Nf3 Qe4 19. Qf2 Nd5 20. Bd2 (20. Re1 $17 Qc2 21. Qxc2 Bxc2 22. Bd2) 20... Nf4 21. Bxf4 Qxf4 22. Rfe1 Rfe8 23. g3 Qf6 24. Bg2 (24. Nh4 $17 {is a better defense.}) 24... Bb6 $19 25. Rad1 Bh5 26. Rd3 Bxf3 27. Bxf3 Rxe1+ 28. Qxe1 Bxd4+ 29. Kg2 g6 30. Qb4 Bb6 ({But not} 30... Bxb2 31. Qxb7 Re8 32. Qxa7 $15) 31. Rd7 Rb8 32. a4 Qf5 33. Qd2 {[#]} (33. Qg4 $17 {might work better.}) 33... Qe5 (33... Re8 $1 $19 {[%cal Re8e3] is more deadly. Threatens to win with ...Re3.} 34. Rxb7 Re3) 34. Bd1 Qe4+ 35. Kh3 Qe6+ 36. Kg2 Re8 37. b4 (37. Rxb7 $17 Qe4+ 38. Bf3 Qxa4 39. h4) 37... Re7 38. Rd3 Kg7 39. a5 Bc7 40. Bf3 a6 41. Qd1 Qf6 42. Qd2 Re6 43. Qc2 Rd6 44. Rb3 Rd4 45. Be2 Be5 46. Rf3 Qd6 47. Kh3 (47. Qc5 {keeps fighting.}) 47... Qd7+ 48. Kg2 Rxb4 49. Qc5 Qd6 50. Qe3 (50. Qxd6 Bxd6 51. Bd1) 50... Rb2 51. Qf2 (51. Qe4 $142) 51... Qd5 52. Kh3 Bd4 53. Rxf7+ Qxf7 54. Qxd4+ {[%mdl 4096] Endgame KQR-KQB} Qf6 55. Qd7+ Kh6 56. Qd1 Qf5+ 57. Bg4 Qc2 {[%csl Gb2][%cal Rc2h2]} 58. Qg1 Qf2 59. Qc1+ Rd2 {[%csl Gd2][%cal Rf2h2] Black mates.} 60. Qh1 c5 61. Bf3 c4 62. Bxb7 Qf5+ {[%mdl 64] Double Attack} 63. g4 Rd3+ 64. Kg2 Qxg4+ 65. Kf2 Qf4+ 66. Kg2 Qd2+ {[%mdl 64] Double Attack.  Weighted Error Value: White=0.59/Black=0.28} 0-1

[Event "FIDE Womens World Cup 2021"]
[Site "Sochi"]
[Date "2021.07.20"]
[Round "3.3"]
[White "Garifullina, Leya"]
[Black "Shuvalova, Polina"]
[Result "1-0"]
[WhiteElo "2390"]
[BlackElo "2489"]
[Annotator "TA"]
[PlyCount "75"]
[EventDate "2021.07.12"]
[EventType "k.o."]
[EventCountry "RUS"]
[SourceTitle "playchess.com"]
[Source "ChessBase"]
[SourceQuality "1"]

{[%evp 17,75,0,15,18,0,0,0,0,10,0,0,0,0,0,0,0,0,-74,-68,-68,-56,-60,-57,-60,-44,-45,0,-13,-3,-20,0,0,0,0,0,0,0,0,0,0,0,0,0,0,0,0,0,0,0,0,2742,130,1717,1693,2242,2145,29988,29989,29989,1360]} 1. e4 e5 2. Nf3 Nf6 3. d4 Nxe4 4. Bd3 d5 5. Nxe5 Nd7 6. Nxd7 Bxd7 7. O-O Bd6 8. Nc3 Nxc3 9. bxc3 O-O 10. Qh5 {[%csl Gd3][%cal Rh5h7] C43: Petroff Defence: 3 d4.} f5 11. Re1 c6 12. Bg5 {The position is equal.} Qc7 13. Re3 $1 {[%mdl 4] is recently more successful than 13.c4.} g6 14. Qh4 Rae8 15. Rae1 Rxe3 16. Rxe3 Rf7 {[#]} 17. Bf6 $146 {[#]} (17. c4 $11 {remains equal.}) ({Predecessor:} 17. c4 b6 18. h3 Qb8 19. c3 Bh2+ 20. Kh1 Bd6 21. Kg1 Bh2+ 22. Kh1 Bd6 23. a4 {½-½ (39) Nihal,S (2610)-Bacrot,E (2671) Douglas 2019}) 17... Bxh2+ $1 $17 18. Kf1 {Strongly threatening g3.} Bd6 19. g4 {aiming for gxf5.} Qc8 $1 ({Don't go for} 19... fxg4 $2 20. Bxg6 $1 {[%mdl 512]} Qc8 21. Bxf7+ Kxf7 22. Be7 $18) 20. c4 Qf8 ({Wrong is} 20... fxg4 $2 21. Bxg6 $1 {[%mdl 512]} Bf5 22. Bxf7+ Kxf7 23. Qg5 $18) 21. g5 Be7 (21... Qc8 {keeps more tension.} 22. f4 b6 23. Qf2 b5 24. c5 Bc7) 22. Bxe7 Rxe7 23. cxd5 Rxe3 24. fxe3 cxd5 25. Qf4 Bc6 26. c4 Qa3 27. Be2 Qe7 28. Bf3 dxc4 {Threatens to win with ...Bxf3.} 29. d5 Bb5 30. d6 c3+ 31. Kf2 Qg7 {...c2 is the strong threat.} 32. Bd5+ Kf8 {Hoping for ...c2.} 33. Qb4 $1 {Threatening mate with d7+.} Qd7 $2 {[%mdl 8192] [#]} (33... Bd7 $11 34. Qxb7 c2 35. Qb8+ Be8) 34. Bb3 $2 (34. Be6 $1 $18 {[%mdl 512]} Qxe6 (34... c2 35. Bxd7) 35. d7+ Kf7 36. d8=Q) 34... Bc6 $2 {[%mdl 8192] [#] This move loses the game for Black.} (34... a5 $16 35. Qd4 Qg7) 35. Be6 $1 $18 {[%mdl 576] Promotion} Qxe6 (35... a5 36. Qa3) 36. d7+ $1 Kg7 37. Qxc3+ Kf7 38. d8=N+ {Weighted Error Value: White=0.26/Black=0.34} (38. d8=Q $142 f4 39. Qcf6+ Qxf6 40. gxf6 fxe3+ 41. Kxe3 Ke6 42. Qe7+ {[%mdl 64] Double Attack} Kd5 43. f7) 1-0

[Event "FIDE Womens World Cup 2021"]
[Site "Sochi"]
[Date "2021.07.20"]
[Round "3.4"]
[White "Dzagnidze, Nana"]
[Black "Yip, Carissa"]
[Result "1-0"]
[WhiteElo "2523"]
[BlackElo "2430"]
[Annotator "ChessBase"]
[PlyCount "115"]
[EventDate "2021.07.12"]
[EventType "k.o."]
[EventCountry "RUS"]
[SourceTitle "playchess.com"]
[Source "ChessBase"]
[SourceQuality "1"]
[TimeControl "1500+10"]

1. Nf3 {[%emt 0:00:04]} d5 {[%emt 0:00:01]} 2. d4 {[%emt 0:00:04]} e6 {[%emt 0:00:26]} 3. c4 {[%emt 0:00:08]} Ne7 {[%emt 0:00:02]} 4. Nc3 {[%emt 0:00:24]} g6 {[%emt 0:00:08]} 5. Bg5 {[%emt 0:00:27]} Bg7 {[%emt 0:00:06]} 6. Qd2 {[%emt 0:00:42]} h6 {[%emt 0:02:11]} 7. Bf4 {[%emt 0:04:19]} g5 {[%emt 0:01:11]} 8. Bg3 {[%emt 0:00:16]} Nf5 {[%emt 0:01:21]} 9. e3 {[%emt 0:00:08]} h5 {[%emt 0:00:52]} 10. h3 {[%emt 0:00:46]} c6 {[%emt 0:01:24]} 11. Be5 {[%emt 0:02:44]} f6 {[%emt 0:00:04]} 12. Bh2 {[%emt 0:02:20]} g4 {[%emt 0:00:08]} 13. Ng1 {[%emt 0:00:02]} Nd7 {[%emt 0:00:50]} 14. Bd3 {[%emt 0:00:33]} Nh4 {[%emt 0:01:56]} 15. Kf1 {[%emt 0:00:05]} Kf7 {[%emt 0:01:11]} 16. Bg3 {[%emt 0:01:51]} Ng6 {[%emt 0:01:23]} 17. hxg4 {[%emt 0:00:33]} hxg4 {[%emt 0:00:08]} 18. Rxh8 {[%emt 0:00:04]} Qxh8 {[%emt 0:00:05]} 19. cxd5 {[%emt 0:02:03]} cxd5 {[%emt 0:00:54]} 20. Nb5 {[%emt 0:00:51]} f5 {[%emt 0:01:14]} 21. Nc7 {[%emt 0:00:40]} Rb8 {[%emt 0:00:12]} 22. Nb5 {[%emt 0:00:12]} Ra8 {[%emt 0:00:30]} 23. Nc7 {[%emt 0:00:02]} Rb8 {[%emt 0:00:10]} 24. Nb5 {[%emt 0:00:02]} a6 {[%emt 0:00:30]} 25. Bxb8 {[%emt 0:00:19]} Nxb8 {[%emt 0:00:05]} 26. Nd6+ {[%emt 0:00:16]} Kf6 {[%emt 0:00:01]} 27. Nxc8 {[%emt 0:00:54]} Qxc8 {[%emt 0:00:02]} 28. Rc1 {[%emt 0:00:02]} Nc6 {[%emt 0:00:02]} 29. g3 {[%emt 0:00:21]} Bf8 {[%emt 0:02:20]} 30. Qc3 {[%emt 0:00:28]} Bd6 {[%emt 0:00:56]} 31. Bxa6 {[%emt 0:00:27]} Qh8 {[%emt 0:00:01]} 32. Bxb7 {[%emt 0:00:28]} Nb4 {[%emt 0:00:41]} 33. a3 {[%emt 0:01:55]} Na2 {[%emt 0:00:46]} 34. Qc6 {[%emt 0:00:04]} Nxc1 {[%emt 0:00:43]} 35. Qxd6 {[%emt 0:00:46]} Qh1 {[%emt 0:00:14]} 36. Ba6 {[%emt 0:00:58]} Qe4 {[%emt 0:02:16]} 37. Qb4 {[%emt 0:00:30]} Qh1 {[%emt 0:03:32]} 38. Qd2 {[%emt 0:01:06]} Nb3 {[%emt 0:00:55]} 39. Qc3 {[%emt 0:00:09]} Na1 {[%emt 0:00:03]} 40. b4 {[%emt 0:00:07]} Nh8 {[%emt 0:00:02]} 41. Qxa1 {[%emt 0:00:15]} Nf7 {[%emt 0:00:01]} 42. Ke2 {[%emt 0:01:57]} Ng5 {[%emt 0:00:20]} 43. Qe1 {[%emt 0:00:04]} Nh3 {[%emt 0:01:21]} 44. Nxh3 {[%emt 0:00:26]} Qf3+ {[%emt 0:00:02]} 45. Kd2 {[%emt 0:00:01]} gxh3 {[%emt 0:00:07]} 46. Be2 {[%emt 0:00:13]} Qg2 {[%emt 0:00:11]} 47. Bf1 {[%emt 0:00:05]} Qh1 {[%emt 0:00:20]} 48. Bxh3 {[%emt 0:00:05]} Qxh3 {[%emt 0:00:05]} 49. b5 {[%emt 0:00:08]} Qh7 {[%emt 0:00:05]} 50. b6 {[%emt 0:00:05]} Qb7 {[%emt 0:00:10]} 51. Qb1 {[%emt 0:00:03]} Kg5 {[%emt 0:00:12]} 52. a4 {[%emt 0:00:18]} Kg4 {[%emt 0:00:21]} 53. Qb5 {[%emt 0:00:27]} Kf3 {[%emt 0:00:22]} 54. a5 {[%emt 0:00:01]} Kxf2 {[%emt 0:00:19]} 55. a6 {[%emt 0:00:01]} Qe7 {[%emt 0:00:01]} 56. b7 {[%emt 0:00:09]} Qa3 {[%emt 0:00:02]} 57. Qe2+ {[%emt 0:00:14]} Kxg3 {[%emt 0:00:03]} 58. b8=Q+ {[%emt 0:00:04]} 1-0